Aditya Vikram Birla: A Biography (Record no. 220698)
[ view plain ]
| 000 -LEADER | |
|---|---|
| fixed length control field | 00648nam a22002417a 4500 |
| 003 - CONTROL NUMBER IDENTIFIER | |
| control field | OSt |
| 005 - DATE AND TIME OF LATEST TRANSACTION | |
| control field | 20240420113403.0 |
| 008 - FIXED-LENGTH DATA ELEMENTS--GENERAL INFORMATION | |
| fixed length control field | 211119b ||||| |||| 00| 0 eng d |
| 020 ## - INTERNATIONAL STANDARD BOOK NUMBER | |
| International Standard Book Number | 978-0670878598 |
| 040 ## - CATALOGING SOURCE | |
| Transcribing agency | AL |
| 041 ## - LANGUAGE CODE | |
| Language code of text/sound track or separate title | eng |
| 082 ## - DEWEY DECIMAL CLASSIFICATION NUMBER | |
| Edition number | 23 |
| Classification number | 338.092 |
| Item number | MERA |
| 100 ## - MAIN ENTRY--PERSONAL NAME | |
| Personal name | Minhaz Merchant |
| 9 (RLIN) | 10673 |
| 245 ## - TITLE STATEMENT | |
| Title | Aditya Vikram Birla: A Biography |
| 260 ## - PUBLICATION, DISTRIBUTION, ETC. | |
| Place of publication, distribution, etc. | New Delhi |
| Name of publisher, distributor, etc. | Viking |
| Date of publication, distribution, etc. | 1997 |
| 300 ## - PHYSICAL DESCRIPTION | |
| Extent | viii,304 p. |
| Other physical details | HB |
| Dimensions | 23X16 cm. |
| 365 ## - TRADE PRICE | |
| Price amount | 395.00 |
| Currency code | ₹ |
| Unit of pricing | 395.00 |
| 650 ## - SUBJECT ADDED ENTRY--TOPICAL TERM | |
| Topical term or geographic name entry element | Biography |
| 9 (RLIN) | 10674 |
| 650 ## - SUBJECT ADDED ENTRY--TOPICAL TERM | |
| Topical term or geographic name entry element | Production Economics |
| 9 (RLIN) | 19575 |
| 650 ## - SUBJECT ADDED ENTRY--TOPICAL TERM | |
| Topical term or geographic name entry element | Business Dynasty |
| 9 (RLIN) | 19576 |
| 700 ## - ADDED ENTRY--PERSONAL NAME | |
| Personal name | MERCHANT (Minhaz) |
| 9 (RLIN) | 10678 |
| 942 ## - ADDED ENTRY ELEMENTS (KOHA) | |
| Source of classification or shelving scheme | Dewey Decimal Classification |
| Koha item type | George Fernandes Collections |
| Withdrawn status | Lost status | Source of classification or shelving scheme | Damaged status | Not for loan | Collection code | Home library | Current library | Date acquired | Total Checkouts | Full call number | Barcode | Date last seen | Date last checked out | Koha item type |
|---|---|---|---|---|---|---|---|---|---|---|---|---|---|---|
| Dewey Decimal Classification | Economics | St Aloysius Library | St Aloysius Library | 03/24/2013 | 1 | 338.092 MERA | GF02213 | 11/13/2023 | 08/10/2023 | George Fernandes Collections |